000 00930nam a22002537a 4500
005 20170124103017.0
010 _aB-100750
020 _c00.00
035 _aB-100750
037 _bCen Lib/Ret
040 _aDPL
_bHN
082 _a
_bनागर
100 _aनागर ,अमृतलाल
_959275
245 _aबिखरे तिनके /
_cअमृतलाल नागर
246 _aBikhre tinke
_b by Amritlal Naagar
260 _a दिल्ली
_bराजपाल एंड संस
_c2005
270 _aकश्मीरी गेट
_b दिल्ली
_e110006
300 _a104पृष्ठ.
_c20सेमी(सजिल्द)
650 _aहिंदी साहित्य
_959276
650 _aहिंदी उपन्यास
_959277
650 _ahindi literature
_959278
650 _ahindi novel
_959279
942 _2ddc
_cHN
_h
_mनागर
999 _c114975
_d114975